Nature. Directory of biologicals.

Bibliographic Details
Format: Serial
Language:English
Published: London ; New York : Macmillan Journals, [1981-]
Subjects:

MARC

Tag First Indicator Second Indicator Subfields
LEADER 00000cas a2200000 a 4500
001 in00000082441
005 20151008061201.0
008 820106d19821983enkar r 0 uua0eng d
010 |a  82647157   |z sc 82002481   |z sn 82021232  
012 |a 2  |b 0 
019 |a 8071145 
035 |a (OCoLC)08042438 
035 |9 AAJ7495AM 
037 |b Nature Directory of Biologicals, 15 E. 26th St., New York, N.Y., 10010 
040 |a KEN  |c KEN  |d CHS  |d IUL  |d IXA  |d FUG  |d IUL  |d HUL  |d NST  |d OCL  |d NST  |d DLC  |d NST  |d OCL  |d NST  |d TXA  |d UtOrBLW 
042 |a nst  |a lc 
049 |a TXAE 
050 0 0 |a RM270  |b .N37 
082 0 |a 660/.6/025  |2 19 
090 |a RS356  |b .N37 
245 0 0 |a Nature.  |p Directory of biologicals. 
246 1 0 |a Directory of biologicals 
264 1 |a London ;  |a New York :  |b Macmillan Journals,  |c [1981-] 
264 4 |c ©1981- 
300 |a 2 volumes :  |b illustrations ;  |c 28 cm. 
310 |a Annual 
336 |a text  |b txt  |2 rdacontent 
337 |a unmediated  |b n  |2 rdamedia 
338 |a volume  |b nc  |2 rdacarrier 
362 0 |a 1982-1983. 
500 |a Title from cover. 
580 |a Issued as an annual supplement to: Nature, 1982-1983. 
650 0 |a Biological products  |x Directories. 
650 0 |a Biological apparatus and supplies  |x Directories. 
650 0 |a Biomedical materials  |x Directories. 
772 1 |t Nature (London, England)  |x 0028-0836  |w (DLC) 12037118 
999 |a MARS 
999 f f |s e7f245c3-638f-3d8a-8d91-956e592302e5  |i 20093dea-1ff5-3942-9cb4-404804fa3132  |t 0 
952 f f |p ric  |a Texas A&M University  |b Rellis Campus  |c Joint Library Facility  |d Remote Storage  |t 0  |e RS356 .N37  |h Library of Congress classification  |i unmediated -- volume  |l 1982  |m A14837916297 
952 f f |p ric  |a Texas A&M University  |b Rellis Campus  |c Joint Library Facility  |d Remote Storage  |t 0  |e RS356 .N37  |h Library of Congress classification  |i unmediated -- volume  |l 1983  |m A14837916255 
998 f f |a RS356 .N37  |s 1982-1983  |t 0  |l Remote Storage